Entry Nombre personal
001 - NÚMERO DE CONTROL
- campo de control: 114984
003 - IDENTIFICADOR DE NÚMERO DE CONTROL
- campo de control: SpMaBN
005 - FECHA Y HORA DE LA ÚLTIMA TRANSACCIÓN
- campo de control: 20231123110945.0
008 - ELEMENTOS DE DATO DE LONGITUD-FIJA
- campo de control de longitud fija: 980506n| aijnnaabn |a aaa
016 ## - NÚMERO DE CONTROL DE UNA AGENCIA BIBLIOGRÁFICA NACIONAL
- Número de control del registro: BNE19981439029
024 7# - IDENTIFICADOR DE OTROS ESTÁNDARES
- Número estándar o código: http://viaf.org/viaf/86981011/
- Fuente: viaf
040 ## - FUENTE DE CATALOGACIÓN
- Centro catalogador/agencia de origen: SpMaBN
- Lengua de catalogación: spa
- Centro/agencia transcriptor: SpMaBN
- Normas de descripción: rdc
- Convención/Normas de encabezamiento de materia/tesauro: embne
100 1# - ENCABEZAMIENTO-NOMBRE DE PERSONA
- Nombre de persona: Villalta, Miguel,
- Fechas asociadas al nombre: 1838-1907
370 ## - LUGAR ASOCIADO
- Lugar de nacimiento: España, Aragón, Teruel (Provincia), Valjunquera
370 ## - LUGAR ASOCIADO
- Lugar de fallecimiento: España, Cataluña, Barcelona (Provincia), Barcelona
373 ## - GRUPO ASOCIADO
- Grupo asociado: Escolapios
- Fuente del término: abne
374 ## - OCUPACIÓN
- Ocupación: Escritores
- Ocupación: Archiveros
375 ## - GÉNERO/SEXO
- Género: Masculino
377 ## - IDIOMA ASOCIADO
- Término de lengua/lenguaje: Español
400 1# - TRAZADO DE VÉASE--NOMBRE DE PERSONA
- Nombre de persona: Villalta, M.,
- Fechas asociadas al nombre: 1838-1907
400 1# - TRAZADO DE VÉASE--NOMBRE DE PERSONA
- Nombre de persona: Villalta de Santa Teresa, Miguel,
- Fechas asociadas al nombre: 1838-1907
400 0# - TRAZADO DE VÉASE--NOMBRE DE PERSONA
- Nombre de persona: Miguel Villalta de Santa Teresa,
- Fechas asociadas al nombre: 1838-1907
670 ## - FUENTE DE DATOS ENCONTRADOS
- Cita de la fuente: Rapsodias vulgares, 1926?;
- Información encontrada: port. (M. Villalta)
670 ## - FUENTE DE DATOS ENCONTRADOS
- Cita de la fuente: Cat. colectivo del Patrimonio Bibliográfico;
- Información encontrada: (Villalta, Miguel)
670 ## - FUENTE DE DATOS ENCONTRADOS
- Cita de la fuente: Diccionario enciclopédico escolapio, v. II, Biografías de escolapios, 1983;
- Información encontrada: (Miguel Villalta; Valjunquera, Teruel, 29-3-1838 - Barcelona, 2-6-1907; humanista, escritor, archivero)
670 ## - FUENTE DE DATOS ENCONTRADOS
- Cita de la fuente: WWW ABEPI, 26-11-2018;
- Información encontrada: (Villalta de Santa Teresa, Miguel; escolapio, escritor; n. en el s. XIX en Valjunquera)
670 ## - FUENTE DE DATOS ENCONTRADOS
- Cita de la fuente: WWW Bn España aut., 23-11-2023;
- Información encontrada: (Villalta, Miguel, 1838-1907)
